The future of capitalism
में बचाया:
| स्वरूप: | पुस्तक |
|---|---|
| भाषा: | Undetermined |
| प्रकाशित: |
Tokyo
The Yomiuri Shimbun
|
| विषय: | |
| टैग : |
टैग जोड़ें
कोई टैग नहीं, इस रिकॉर्ड को टैग करने वाले पहले व्यक्ति बनें!
|
| Thư viện lưu trữ: | Trung tâm Học liệu Trường Đại học Cần Thơ |
|---|
| LEADER | 00511nam a2200169Ia 4500 | ||
|---|---|---|---|
| 001 | CTU_96820 | ||
| 008 | 210402s9999 xx 000 0 und d | ||
| 082 | |a 330.12 | ||
| 082 | |b F949 | ||
| 245 | 4 | |a The future of capitalism | |
| 245 | 0 | |c Edited by Shigeto Tsuru | |
| 260 | |a Tokyo | ||
| 260 | |b The Yomiuri Shimbun | ||
| 650 | |a Economic forecasting.,Capitalism,International economic relations | ||
| 650 | |x Forecasting,Forecasting | ||
| 904 | |i Năm | ||
| 980 | |a Trung tâm Học liệu Trường Đại học Cần Thơ | ||